LEADER 02729nam0 2200409 i 450 001 BVEE017591 005 20170908093206.0 012 $ao-e- a.e. a.di ilAn (3) 1580 (R)$2fei 100 $a20110912d1580 ||||0itac50 ba 101 | $aita 102 $ait 181 1$6z01$ai $bxxxe 182 1$6z01$an 200 1 $aCronologia del mondo di m. Francesco Sansouino diuisa in tre libri. Nel primo de' quali s'abbraccia, tutto quello ch'è auuenuto cosi in tempo di pace come di guerra fino all'anno presente. Nel secondo, si contiene vn catalogo de regni, & delle signorie, che sono state & che sono, con le discendenze & con le cose fatte da loro di tempo in tempo. Nel terzo, si tratta l'origine di cinquanta case illustri d'Italia, co soccessi de gli huomini eccellenti di quelle, & con le dipendenze & parentele fra loro. Con tre tauole ... 210 $aIn Venetia$cnella stamperia della Luna [Giacomo Sansovino]$d1580 215 $a[4], 302 [i.e. 301, 25] c.$d4º 300 $aMarca (U810) sul front 300 $aCors. ; rom 300 $a Iniziali xil 300 $aSegn.: *⁴ A-X⁴ Y² Z⁴ 2A-4E⁴ 4F⁸ ²A-F⁴ 300 $aOmessa nella numerazione c. 296 300 $aBianca c. ²F4. 316 $a1 esemplare. - Sul front. nota ms. e timbro di provenienza " Bibliot. S. Teresiae".$5IT-NA0070, Z.C. 0145 517 1 $aCronologia del mondo di m. Francesco Sansovino divisa in tre libri.$9BVEE017593 620 $dVenezia$3SBLL003553 700 1$aSansovino$b, Francesco$f <1521-1583>$3RAVV029326$4070$0390651 712 02$aSansovino, Giacomo$3BVEV017437$4650 790 1$aTatti$b, Giovanni$3BVEV025981$zSansovino, Francesco <1521-1583> 791 02$a˜All'insegna della œLuna$3BVEV029174$zSansovino, Giacomo 801 3$aIT$bIT-NA0079$c20110912 850 $aIT-NA0070 912 $aBVEE017591 921 $aCFIM000184$bLuna crescente volta a destra. In cornice figurata.$cU810$dSul front. 950 0$aBiblioteca Universitaria$d BUZ.C. 0145$e BUSI 0000226065 B 1 esemplare. - Sul front. nota ms. e timbro di provenienza " Bibliot. S. Teresiae".$fZ $i20110912 977 $a BU 996 $aCronologia del mondo di m. Francesco Sansouino diuisa in tre libri. Nel primo de' quali s'abbraccia, tutto quello ch'è auuenuto cosi in tempo di pace come di guerra fino all'anno presente. Nel secondo, si contiene vn catalogo de regni, & delle signorie, che sono state & che sono, con le discendenze & con le cose fatte da loro di tempo in tempo. Nel terzo, si tratta l'origine di cinquanta case illustri d'Italia, co soccessi de gli huomini eccellenti di quelle, & con le dipendenze & parentele fra loro. Con tre tauole ..$91480070 997 $aUNISANNIO LEADER 01019cam0 22002773 450 001 SON0004388 005 20231102085950.0 010 $a8814050744 100 $a20010208d1995 |||||ita|0103 ba 101 $aita 102 $aIT 200 1 $a<>associazione in partecipazione$eDisciplina civilistica e fiscale-Riflessi contabili-Schemi di contratto-Adempimenti e procedure$fDanilo Bondavalli 210 $aMilano$cGiuffr$d1995 215 $aXII, 162 p.$d24 cm 225 2 $aCosa & Come$hSociet 410 1$1001LAEC00017524$12001 $a*Cosa & Come. Societ 700 1$aBondavalli$b, Danilo$3AF00009197$4070$0253002 801 0$aIT$bUNISOB$c20231102$gRICA 850 $aUNISOB 852 $aUNISOB$j340|Coll|12|B$m94920 912 $aSON0004388 940 $aM 102 Monografia moderna SBN 941 $aM 957 $a340|Coll|12|B$b000007$gSI$d94920$rACQUISTO$p20.000$1Spinosa$2UNISOB$3UNISOB$420221011091259.0$520231102085927.0$6Alfano 996 $aAssociazione in partecipazione$9145287 997 $aUNISOB